|
|
|
|
| LEADER |
01867cam a2200517 i 4500 |
| 001 |
nkc20233523217 |
| 003 |
CZ PrNK |
| 005 |
20230807152222.0 |
| 007 |
ta |
| 008 |
230515s2023 xr ach e 000 0 cze d |
| 015 |
|
|
|a cnb003523217
|
| 020 |
|
|
|a 978-80-7530-417-9
|q (brožováno)
|
| 035 |
|
|
|a (OCoLC)1393198429
|
| 040 |
|
|
|a KLG001
|b cze
|d ABA001
|e rda
|
| 043 |
|
|
|a e-xr---
|
| 045 |
|
|
|a x6x9
|
| 072 |
|
7 |
|a 72/76
|x Výtvarné umění
|2 Konspekt
|9 21
|
| 080 |
|
|
|a 72/76(437.3)
|2 MRF
|
| 080 |
|
|
|a 7.037.5
|2 MRF
|
| 080 |
|
|
|a (437.3)
|2 MRF
|
| 080 |
|
|
|a (084.11)
|2 MRF
|
| 100 |
1 |
|
|a Stejskal, Martin,
|d 1944-
|7 jn99240001125
|4 aut
|4 ill
|
| 245 |
1 |
0 |
|a Rozpuštěno a zahuštěno :
|b fázované iluze a konturáže : (1969-1990) /
|c Martin Stejskal
|
| 246 |
3 |
0 |
|a Fázované iluze a konturáže
|
| 264 |
|
1 |
|a Praha :
|b Malvern,
|c 2023
|
| 300 |
|
|
|a 43 stran :
|b ilustrace (některé barevné), portréty, faksimile ;
|c 21 x 30 cm
|
| 336 |
|
|
|a text
|b txt
|2 rdacontent
|
| 336 |
|
|
|a statický obraz
|b sti
|2 rdacontent
|
| 337 |
|
|
|a bez média
|b n
|2 rdamedia
|
| 338 |
|
|
|a svazek
|b nc
|2 rdacarrier
|
| 500 |
|
|
|a V tiráži chybný podnázev: 1989-1990
|
| 504 |
|
|
|a Obsahuje bibliografické odkazy
|
| 600 |
1 |
7 |
|a Stejskal, Martin,
|d 1944-
|7 jn99240001125
|2 czenas
|
| 648 |
|
7 |
|a 20. století
|7 ch460558
|2 czenas
|
| 650 |
0 |
7 |
|a české výtvarné umění
|7 ph116865
|y 20. století
|2 czenas
|
| 650 |
0 |
7 |
|a surrealismus (umění)
|7 ph126286
|z Česko
|2 czenas
|
| 650 |
0 |
9 |
|a Czech art
|y 20th century
|2 eczenas
|
| 650 |
0 |
9 |
|a surrealism (art)
|z Czechia
|2 eczenas
|
| 655 |
|
7 |
|a obrazové publikace
|7 fd132947
|2 czenas
|
| 655 |
|
9 |
|a pictorial works
|2 eczenas
|
| 910 |
2 |
|
|a BOA001
|b 4-1509.834
|
| 920 |
|
|
|a 1427141
|z KLG001
|
| 990 |
|
|
|a BK
|
| 995 |
|
|
|a 01
|
| 991 |
|
|
|b 202307
|c NOV
|
| 996 |
6 |
|
|b 2610942766
|c 4-1509.834
|l MZK
|r Sklad / do 1 hodiny
|n 2
|p p.v.
|w 001931578
|u 000010
|a 1
|e BOA001
|j MZK50
|s P
|